00808cam a2200229 a 4500001000700000003000600007005001700013008004100030020001800071020001500089035002400104035002100128040002500149082001600174100002000190245010700210260005600317300004500373440004400418504005400462630006200516122279GBCCL20241126110528.0070620s2007 miubd b 000 0 eng d a9780825439391 a0825439396 a(OCoLC)ocn144651009 a(OCoLC)144651009 aGHScGHSdBTCTAdLBB a228.06bWIL1 aWilson, Mark W.10aCharts on the Book of Revelation :bliterary, historical, and theological perspectives /cMark Wilson. aGrand Rapids, Mich. :bKregel Publications,cc2007. a134 p. :bchiefly charts, maps ;c28 cm. 0aKregel charts of the Bible and theology aIncludes bibliographical references (p. 131-134).00aBible.pN.T.pRevelationxCriticism, interpretation, etc.